000 00332nam a2200121Ia 4500
008 180117s9999 xx 000 0 und d
100 _aby Angelica Flores Morales
245 _aTeach The Children Well
260 _c2017
300 _a12-14 pages, 2017 January 8
440 _aPhilippine Panorama
650 _aTEACHING THE CHILDREN
999 _c353554
_d353554